000 01103nam a22002897a 4500
001 7826
003 FISKH
005 20250811135317.0
008 250811b cb ||||| |||| 00| 0 eng d
040 _aFISKH
_beng
_cFISKH
_dFISKH
050 _aPR4611.A72 S5
082 _a823.914
100 _aSims, Lesley
245 _aAlice in wonderland /
_cLewis Carroll ; Adapted by Lesley Sims ; Illustrated by Mauro Evangelista
250 _aThis edition first published in 2006
260 _aLondon :
_bUsborne,
_c2006
300 _a64 pages :
_bcolor illustrations ;
_c20 cm
505 _aN
520 _aAn ordinary day becomes extraordinary when Alice follows the White Rabbit down a rabbit hole and finds herself in Wonderland. Join her as she meets one incredible character after another in this lively retelling of the classic quirky tale by Lewis Carroll.
521 8 _a530
_bLexile
521 8 _aN
_bRaz-Plus
650 _2Usborne
_aLeveled Readers
650 _2Chapter Book A
_aBeginning Level
700 _aEvangelista, Mauro
_dillustrator
942 _2ddc
_cBK
_n0
999 _c7826
_d7826